Kuliah mengenali Rasulullah

Bibliographic Details
Main Author: Dr. Hj. Zahazan Mohamed
Format: Book
Language:Malay
Published: Kajang : Institut Penilaian Negara 2016

MARC

LEADER 00000cam a2200000 7i4500
001 0000028168
005 20241121.0
008 181220 my b b may
040 |a INS   |b eng   |e rda 
090 0 0 |a VCD 2524 
100 0 |a Dr. Hj. Zahazan Mohamed 
245 0 0 |a Kuliah mengenali Rasulullah   |c Dr. Hj. Zahazan Mohamed 
264 1 |a Kajang :   |b Institut Penilaian Negara   |c 2016 
300 |a 1 video disc (1 jam), berwarna, bunyi ;   |c 4 3/4 inci. 
336 |a computer dataset  |2 rdacontent 
336 |a sound audio  |2 rdacontent 
337 |a computer  |2 rdamedia 
338 |a computer disc  |2 rdacarrier 
999 |a VCD0002573   |b CD-ROM   |c Media Collection   |e Default branch